00592nam a2200169 a 450000100100000000500170001000800410002704000250006808200100009310000350010324500830013826000450022130000200026604900090028695201100029599900170040500003180520200930063208.0110706s2008 dr 000 0 spa d aDO-SdBNPbspacBNPHU aA742h1 aArnaiz, Francisco José9696010aHomilía en el Te Deum del 16 de agosto de 2008 /cFrancisco José Arnaíz. aSanto Domingo :bamigo del hogar,c2008. a21 p. ;c21 cm. aBNPD 0010718PDaPDbPDcCTd2011-07-06iLF1l0oA742h p31805-10r2020-06-25w2020-06-25yLFPDZNo se presta c31297d31297